|
|
|
|
| LEADER |
01395nam a2200385 a 4500 |
| 001 |
000602541 |
| 003 |
CZ BrMZK |
| 005 |
20171107103608.0 |
| 007 |
ta |
| 008 |
020527s2002 xr abefg f 000 0 cze d |
| 015 |
|
|
|a cnb001122295
|
| 020 |
|
|
|a 80-7217-050-3
|
| 035 |
|
|
|a (OCoLC)51189178
|
| 040 |
|
|
|a BOA001
|b cze
|
| 041 |
1 |
|
|a cze
|h eng
|
| 043 |
|
|
|a e-it---
|
| 072 |
|
7 |
|a 913(4)
|x Geografie Evropy, reálie, cestování
|2 Konspekt
|9 7
|
| 080 |
|
|
|a 913(450)
|2 MRF
|
| 080 |
|
|
|a (036)913
|2 MRF
|
| 100 |
1 |
|
|a Belford, Ros
|7 xx0004263
|4 aut
|
| 245 |
1 |
0 |
|a Řím :
|b [turistický průvodce] /
|c Ros Belford, Martin Dunford a Celia Woolfrey
|
| 250 |
|
|
|a Vyd. 1.
|
| 260 |
|
|
|a Brno :
|b Jota,
|c 2002
|
| 300 |
|
|
|a 126 s., [12] s. barev. obr. příl. :
|b il., plány ;
|c 20 cm
|
| 490 |
1 |
|
|a Livingstone - průvodci ;
|v sv. 9
|
| 651 |
|
7 |
|a Řím (Itálie)
|7 ge131746
|2 czenas
|
| 655 |
|
7 |
|a turistické průvodce
|7 fd133738
|2 czenas
|
| 700 |
1 |
|
|a Woolfrey, Celia
|7 xx0004262
|4 aut
|
| 700 |
1 |
|
|a Dunford, Martin,
|d 1959-
|7 xx0002335
|4 aut
|
| 765 |
0 |
|
|t Rough guide to England
|9 Česky
|
| 830 |
|
0 |
|a Livingstone - průvodci
|0 s
|
| 856 |
4 |
1 |
|u http://www.digitalniknihovna.cz/mzk/uuid/uuid:6de00710-8956-11e6-84e2-005056827e51
|y Digitalizovaný dokument
|x NDK
|
| 910 |
|
|
|a BOA001
|b 2-1103.469
|
| 990 |
|
|
|a BK
|
| 996 |
6 |
|
|b 2610161752
|c 2-1103.469
|l MZK
|r Sklad / do 1 hodiny
|n 8
|p p.v.
|w 000602541
|u 000010
|a 1
|e BOA001
|j MZK50
|s P
|